00389nam a22001217a 4500082003000000100002900030245005900059260004800118300001900166526003700185526003700222650000800259 a628.1bMODcL-tech, P-154 aPaterson engg co limited aModern water treatment plantcPaterson engg co limited aLondonbPaterson engg company limitedc1932 aiv, P-109bill a0b0c0d628_100000000000000_MOD a0b0c0d628_100000000000000_MOD aMCE